=LDR 00000nam 2200000 4500 =001 INLIS000000000013008 =005 20130612104452 =008 ***********************************Ind** =035 ##$$0010-061300000013008 =041 ##$$a Ind =082 ##$$a 152.4 =090 ##$$a 152.4, Qar k =100 ##$$a Al - Qarny, A' idk =245 ##$$a Korban - korban cinta, A' idk Al - Qarny ; penerjemah, Kathur Suhardi =260 ##$$a 2004 $b Jakarta =300 ##$$a 103 hlm, 17 cm =650 ##$$a Cinta =700 ##$$a Suhardi, Kathur =850 ##$$a NBPNMAT